Left, right, and centre / (Record no. 12607)
[ view plain ]
| 000 -LEADER | |
|---|---|
| fixed length control field | 00321cam a2200133 a 4500 |
| 003 - CONTROL NUMBER IDENTIFIER | |
| control field | OSt |
| 005 - DATE AND TIME OF LATEST TRANSACTION | |
| control field | 20240418132534.0 |
| 008 - FIXED-LENGTH DATA ELEMENTS--GENERAL INFORMATION | |
| fixed length control field | 851001s1986 nyu 000 1 eng |
| 020 ## - INTERNATIONAL STANDARD BOOK NUMBER | |
| International Standard Book Number | 9798498376707 |
| 082 00 - DEWEY DECIMAL CLASSIFICATION NUMBER | |
| Classification number | 813.54 |
| Edition number | 19 |
| Item number | SOH |
| 100 1# - MAIN ENTRY--PERSONAL NAME | |
| Personal name | Sohoni, Vijay |
| 245 10 - TITLE STATEMENT | |
| Title | Left, right, and centre / |
| Statement of responsibility, etc | Vijay Sohoni |
| 942 ## - ADDED ENTRY ELEMENTS (KOHA) | |
| Source of classification or shelving scheme | |
| Withdrawn status | Lost status | Source of classification or shelving scheme | Damaged status | Koha normalized classification for sorting | Not for loan | Permanent location | Current location | Date acquired | Source of acquisition | Cost, normal purchase price | Full call number | Barcode | Date last seen | Cost, replacement price | Price effective from | Koha item type |
|---|---|---|---|---|---|---|---|---|---|---|---|---|---|---|---|---|
| 813_540000000000000_SOH | Not For Loan | BMS College of Architecture, Design and Planning | BMS College of Architecture, Design and Planning | 2024-04-18 | 1 | 424.15 | 813.54 SOH | AR-UG3741 | 2024-04-18 | 499.00 | 2024-04-18 | UG Books | ||||
| 813_540000000000000_SOH | BMS College of Architecture, Design and Planning | BMS College of Architecture, Design and Planning | 2024-04-18 | 1 | 424.15 | 813.54 SOH | AR-UG3742 | 2024-04-18 | 499.00 | 2024-04-18 | UG Books | |||||
| 813_540000000000000_SOH | BMS College of Architecture, Design and Planning | BMS College of Architecture, Design and Planning | 2024-04-18 | 1 | 424.15 | 813.54 SOH | AR-UG3740 | 2024-04-18 | 499.00 | 2024-04-18 | UG Books | |||||
| 813_540000000000000_SOH | BMS College of Architecture, Design and Planning | BMS College of Architecture, Design and Planning | 2024-04-18 | 1 | 424.15 | 813.54 SOH | AR-UG3739 | 2024-04-18 | 499.00 | 2024-04-18 | UG Books | |||||
| 813_540000000000000_SOH | BMS College of Architecture, Design and Planning | BMS College of Architecture, Design and Planning | 2024-04-18 | 1 | 424.15 | 813.54 SOH | AR-UG3738 | 2024-04-18 | 499.00 | 2024-04-18 | UG Books |